Sembrad___ : poesías /

محفوظ في:
التفاصيل البيبلوغرافية
المؤلف الرئيسي: Arteaga, Cristina de (autor)
مؤلفون آخرون: Maura, Antonio (prólogo) (prólogo)
التنسيق: كتاب
اللغة:الإسبانية
منشور في: Madrid, España : Saturnino Calleja, 1928, c1928
الموضوعات:
الوسوم: إضافة وسم
لا توجد وسوم, كن أول من يضع وسما على هذه التسجيلة!

MARC

LEADER 00000nam^a2200000^a^4500
001 000380681
005 20250526000000.0
009 20260310120614.903
037 |a Acervo ITESO - Biblioteca 
041 |a ESP 
082 |a 861.  |b ART 
100 |a Arteaga, Cristina de  |e (autor) 
245 1 0 |a Sembrad___ :  |b poesías /  |c C. de Arteaga ; pról. de A. Maura ; il. de Bartolozzi. 
264 4 |a Madrid, España :  |b Saturnino Calleja,  |c 1928, c1928 
300 |a 90 p. ;  |c 21.5 cm. 
336 |a texto  |b txt  |2 rdacontenido 
337 |a sin mediación  |b n  |2 rdamedio 
338 |a volumen  |b nc  |2 rdasoporte 
561 |a Ex libris de Ignacio Díaz Morales 
649 |a XX 
650 |a Poesía Española 
650 |a Literatura Española -  |y Siglo XX 
650 |a Literatura de Mujeres 
700 |a Maura, Antonio  |e (prólogo) 
910 |a Fondo Ignacio Díaz Morales 
920 |a Impresos - Libros 
930 |a Libros Antiguos y Raros 
940 |a Literatura 
940 |a Arquitectos Jaliscienses 
905 |a 108 
901 |a 0500275563  |b IT2  |c LRA  |i D67767  |u 20250526 
902 |a https://opac.biblio.iteso.mx/vufind/Record/000380681